| 000 | 01815 a2200337 4500 | ||
|---|---|---|---|
| 003 | OSt | ||
| 005 | 20180116192332.0 | ||
| 008 | 120516t xxu||||| |||| 00| 0 eng d | ||
| 010 | _a 00026334 | ||
| 020 | _a0471348775 (pbk. : acid-free paper) | ||
| 040 | _c0 | ||
| 082 | 0 | 0 | _a720.472 |
| 100 | 1 |
_aBrown, G. Z. _91439 |
|
| 245 | 1 | 0 |
_aSun, wind & light : _barchitectural design strategies / _cG.Z. Brown, Mark DeKay ; illustrations, Virginia Cartwright ... [et al.]. |
| 246 | 3 | _aSun, wind, and light | |
| 250 | _a2nd ed. | ||
| 260 |
_aNew York : _bWiley, _cc2001. |
||
| 300 |
_axix, 382 p. : _bill. ; _c22 x 28 cm. |
||
| 500 | _aIncludes bibliographycal refrences & indexe | ||
| 505 | _aPART 1. ANALYSIS TECHNIQUES. A. Climate as a Context. B. Program and Use. C. Form and Envelope. D. Combining Climate, Program, and Form. E. Electric and Hot Water Loads. PART 2. DESIGN STRATEGIES. A. Building Groups. B. Buildings. C. Building Parts. PART 3. STRATEGIES FOR SUPPLEMENTING PASSIVE SYSTEMS. Appendix A: Climate Data by Latitude/City. Appendix B: Additional Climate Data. Appendix C: Abbreviations and Units Conversions. Glossary. Bibliography. Indexes. | ||
| 650 | 0 |
_aArchitecture and energy conservation. _91440 |
|
| 650 | 0 |
_aArchitecture and solar radiation. _91441 |
|
| 650 | 0 |
_aInterior lighting. _91442 |
|
| 650 | 0 |
_aArchitecture and energy conservation _91443 |
|
| 700 | 1 |
_aDeKay, Mark. _91444 |
|
| 856 | 4 | 2 |
_3Contributor biographical information _uhttp://www.loc.gov/catdir/bios/wiley043/00026334.html |
| 856 | 4 | 2 |
_3Publisher description _uhttp://www.loc.gov/catdir/description/wiley035/00026334.html |
| 856 | 4 | 2 |
_3Table of Contents _uhttp://www.loc.gov/catdir/toc/onix06/00026334.html |
| 942 |
_aSADA _cBK _k720.472 BRO 2001 _2ddc |
||
| 999 |
_c352347 _d352347 |
||